| 000 | 00328nam a22001217a 4500 | ||
|---|---|---|---|
| 999 |
_c8116 _d8116 |
||
| 008 | 200804b ||||| |||| 00| 0 eng d | ||
| 020 | _a9788126572021 | ||
| 082 |
_a720.1 _bJOH |
||
| 100 | _aJohnson, Paul-Alan | ||
| 245 | _aThe theory of architecture : concepts, themes & practices | ||
| 260 |
_aLondon _bWily _c1994 |
||
| 942 | _2ddc | ||